Statistiques concernant Canaux importants dans le monde

Cliquez ici pour prendre le quiz!

Statistiques générales

  • Ce quiz a été pris 83 fois
  • Le résultat moyen est 3 sur 15

Statistiques - réponses

HintRéponse% Correct
PanamaCanal de Panama
99%
EgypteCanal de Suez
94%
FranceCanal Du Midi
25%
GrèceCanal de Corinthe
15%
AllemagneCanal de Kiel
12%
RussieCanal de la mer Blanche
3%
Etats-UnisCanal Erié
3%
ChineGrand Canal
3%
AllemagneCanal Rhin-Main-Danube
1%
EcosseCanal calédonien
0%
Etats-UnisCanal de Huston
0%
RussieCanal Don-Volga
0%
SuèdeCanal Göta
0%
AllemangeCanal Mitteland
0%
ThaïlandeKhlong
0%

Distribution des résultats

Percentile par nombre de réponses

% des personnes avec chaque résultat

Votre développement - résultats

Vous n’avez pas pris ce quiz